000 00527nam a2200217Ia 4500
003 OSt
005 20220926042019.0
006 a|||||r|||| 00| 0
007 ta
008 220923b |||||||| |||| 00| 0 eng d
037 _cGeneral Book
040 _aRTL
_cRTL
_beng
041 _2eng
_aeng
082 _aY5(Q:332).2, J3
100 _aGhurye G S
245 0 _aIndian Sadhus
260 _c1953
650 _aUntouchables
942 _hY5(Q:332).2, J3
_cGB
_2CC
999 _c668672
_d668672